00508nam a22001697a 450000500170000001000130001702000260003003500120005603700160006808200130008410000220009724500640011924600490018326000370023227000470026930000220031620220518154636.0 aUR-11563 c570.00a9788192747750 aU-10118 bDBAD/PUBa- a8412Ist aجعفر ر ضا  aا حسا س کا سفر c جعفر ر ضا hا ر د و  bEhsas Ka Safar (Urdu)aby Saiyed Jafar Raza  aTilangana bShabistanc2019 ء  a786,Shah Ganj, bAlllahabad e211003k-l- a143 صc22 Cm(Hb)